Estudios de responsabilidad civil / (Registro nro. 29145)
[ vista simple ]
| 000 -LEADER | |
|---|---|
| fixed length control field | 01837nam a2200265Ia 4500 |
| 003 - CONTROL NUMBER IDENTIFIER | |
| control field | CO-CtgCURN |
| 005 - DATE AND TIME OF LATEST TRANSACTION | |
| control field | 20250407230606.0 |
| 008 - FIXED-LENGTH DATA ELEMENTS--GENERAL INFORMATION | |
| fixed length control field | 190723s9999 xx 000 0 und d |
| 020 ## - INTERNATIONAL STANDARD BOOK NUMBER | |
| International Standard Book Number | 9586165043 |
| 040 ## - CATALOGING SOURCE | |
| Original cataloging agency | CO-CtgCURN |
| Language of cataloging | spa |
| Transcribing agency | coctgcurn |
| 082 ## - DEWEY DECIMAL CLASSIFICATION NUMBER | |
| Classification number | 346.02 |
| Item number | S246 |
| 100 ## - MAIN ENTRY--PERSONAL NAME | |
| Personal name | Sarmiento García, Manuel Guillermo |
| Relator term | autor |
| 9 (RLIN) | 7375 |
| 245 #0 - TITLE STATEMENT | |
| Title | Estudios de responsabilidad civil / |
| Statement of responsibility, etc. | Manuel Guillermo Sarmiento García |
| 260 ## - PUBLICATION, DISTRIBUTION, ETC. | |
| Place of publication, distribution, etc. | Bogotá, Colombia : |
| Name of publisher, distributor, etc. | Universidad Externado de Colombia, |
| Date of publication, distribution, etc. | 2002 |
| 300 ## - PHYSICAL DESCRIPTION | |
| Extent | 288 páginas ; |
| Dimensions | 24 centímetros. |
| 500 ## - GENERAL NOTE | |
| General note | Incluye índice, Incluye prólogo |
| 505 ## - FORMATTED CONTENTS NOTE | |
| Formatted contents note | Cap.1. La evolución de la legislación internacional en materia de responsabilidad del transportador -- Cap.2. La responsabilidad del estado frente a los operadores de infraestructura aeroportuaria -- Cap.3. La responsabilidad del operador del transporte multimodal en la legislación andina -- Cap.4. El régimen de responsabilidad civil por daños al medio ambiente -- Cap.5. La responsabilidad del comandante de aeronave en el derecho colombiano -- Cap.6. Las fuentes de las obligaciones en el derecho civil, moderno -- Cap.7. Influencia del sistema de Varsovia en el derecho aeronáutico latinoamericano -- Cap.8. La responsabilidad civil por daños al patrimonio cultural -- Cap.9. La teoría del riesgo y la responsabilidad civil -- Cap.10. La responsabilidad medica -- Cap.11. El nuevo régimen del transporte aéreo internacional contenido con el convenio de Montreal de 1999. |
| 521 ## - TARGET AUDIENCE NOTE | |
| Target audience note | AREA PROFESIONAL |
| 590 ## - LOCAL NOTE (RLIN) | |
| Local note | Programa de Derecho_18 |
| 650 ## - SUBJECT ADDED ENTRY--TOPICAL TERM | |
| Topical term or geographic name entry element | Derecho privado |
| 9 (RLIN) | 7376 |
| 650 ## - SUBJECT ADDED ENTRY--TOPICAL TERM | |
| Topical term or geographic name entry element | Responsabilidad civil |
| 9 (RLIN) | 7377 |
| 942 ## - ADDED ENTRY ELEMENTS (KOHA) | |
| Koha item type | Libros |
| Classification part | 346.02 |
| Item part | S246 |
| Source of classification or shelving scheme | Dewey Decimal Classification |
| Suppress in OPAC | No |
| Withdrawn status | Lost status | Damaged status | Not for loan | Collection | Home library | Current library | Shelving location | Date acquired | Inventory number | Total checkouts | Full call number | Barcode | Date last seen | Copy number | Price effective from | Koha item type | Date last checked out |
|---|---|---|---|---|---|---|---|---|---|---|---|---|---|---|---|---|---|
| Miguel Henríquez Castañeda Barranquilla | Miguel Henríquez Castañeda Barranquilla | General | 05/23/2018 | 02210 | 346.02 S246 | 02210 | 07/23/2019 | ej.1 | 07/23/2019 | Libros | |||||||
| Miguel Henríquez Castañeda Barranquilla | Miguel Henríquez Castañeda Barranquilla | General | 05/23/2018 | 02211 | 1 | 346.02 S246 | 02211 | 04/24/2024 | ej.2 | 07/23/2019 | Libros | 04/16/2024 |